Asterix Charaktere A-Z - Statistiken

Allgemein
  • Dieses Quiz wurde 315 mal gespielt
  • Das Durchschnittsergebnis liegt bei 10 aus 25
Antwortstatistiken
Hint Antwort Möglichkeiten % Korrekt
A Asterix, Automatix, ... 58
100%
O Obelix, Orandschade, ... 20
94%
M Miraculix, Majestix, ... 61
88%
I Idefix, Ivar, ... 10
86%
C Costa y Bravo, Cholerik, ... 26
84%
V Verleihnix, Virus, ... 22
72%
T Troubadix, Teefax, ... 28
63%
G Gutemine, Greulix, ... 30
61%
K Kleopatra, Kokolorix, ... 23
52%
F Falbala, Fidibus, ... 24
45%
B Baba, Gaius Bonus, ... 35
38%
N Numerobis, Nixalsverdrus, ... 18
23%
P Pepe, Panschnix, ... 48
22%
J Julius Cäsar, Jellosubmarine, ... 6
21%
E Erik, Elektrik, ... 22
20%
L Latraviata, Lügnix, ... 22
20%
S Seelax, Seewirt, ... 67
17%
H Hatschi, Humungus, ... 35
14%
D Dreifuß, Dompfaf, ... 24
12%
R Romantix, Relax, ... 22
12%
Q Quintilius,Quadratus, ... 5
7%
Z Zechine, Zusammenschlus, ... 7
7%
U Überdrus, Überhauptnix, ... 5
6%
W Waggonlix, Walros, ... 8
6%
Y Mac Ymesserh, Mac Yshnit 2
0%
Keine übereinstimmenden Quizze gefunden
Verteilung der Resultate
Anzahl Personen mit jedem Resultat
Perzentil nach korrekt beantworteten Fragen
Ihre Resultats-Entwicklung
Sie haben dieses Quiz noch nicht gespielt